Salamelada sangrama: atmakathe (Record no. 122870)

MARC details
000 -LEADER
fixed length control field 00766nam a2200265Ia 4500
003 - CONTROL NUMBER IDENTIFIER
control field OSt
005 - DATE AND TIME OF LATEST TRANSACTION
control field 20251114111021.0
008 - FIXED-LENGTH DATA ELEMENTS--GENERAL INFORMATION
fixed length control field 210210b2018 xxu||||| |||| 00| 0 eng d
040 ## - CATALOGING SOURCE
Transcribing agency AL
041 ## - LANGUAGE CODE
Language code of text/sound track or separate title Kannada
082 ## - DEWEY DECIMAL CLASSIFICATION NUMBER
Classification number 923.2K JANS
100 ## - MAIN ENTRY--PERSONAL NAME
Personal name JANARDANA PUJARI (B)
Dates associated with a name ಜನಾರ್ದನ ಪೂಜಾರಿ (ಬಿ)
9 (RLIN) 245543
245 ## - TITLE STATEMENT
Title Salamelada sangrama: atmakathe
Remainder of title ಸಾಲಮೇಳದ ಸಂಗ್ರಾಮ: ಆತ್ಮಕಥೆ
260 ## - PUBLICATION, DISTRIBUTION, ETC.
Place of publication, distribution, etc. Bantvala
Name of publisher, distributor, etc. -
Date of publication, distribution, etc. 2018
300 ## - PHYSICAL DESCRIPTION
Extent 226
650 ## - SUBJECT ADDED ENTRY--TOPICAL TERM
Topical term or geographic name entry element sangrama:
9 (RLIN) 245544
650 ## - SUBJECT ADDED ENTRY--TOPICAL TERM
Topical term or geographic name entry element sangrama
9 (RLIN) 245544
650 ## - SUBJECT ADDED ENTRY--TOPICAL TERM
Topical term or geographic name entry element Salamelada
9 (RLIN) 245545
650 ## - SUBJECT ADDED ENTRY--TOPICAL TERM
Topical term or geographic name entry element Ed
9 (RLIN) 245546
650 ## - SUBJECT ADDED ENTRY--TOPICAL TERM
Topical term or geographic name entry element atmakathe
9 (RLIN) 245547
650 ## - SUBJECT ADDED ENTRY--TOPICAL TERM
Topical term or geographic name entry element 3
9 (RLIN) 245548
690 ## - LOCAL SUBJECT ADDED ENTRY--TOPICAL TERM (OCLC, RLIN)
Topical term or geographic name as entry element Autobiography
9 (RLIN) 245549
906 ## - LOCAL DATA ELEMENT F, LDF (RLIN)
a 073102
942 ## - ADDED ENTRY ELEMENTS (KOHA)
Source of classification or shelving scheme Dewey Decimal Classification
Koha item type Book
Holdings
Withdrawn status Lost status Source of classification or shelving scheme Damaged status Not for loan Collection code Home library Current library Shelving location Date acquired Source of acquisition Cost, normal purchase price Total Checkouts Full call number Barcode Date last seen Price effective from Koha item type
    Dewey Decimal Classification     Political Science St Aloysius Library St Aloysius Library   02/17/2021 Navakarnataka Publication Pvt Ltd Mangalore 300.00   923.2K JANS 073102 02/17/2021 02/17/2021 Book